<?xml version="1.0" encoding="UTF-8"?>
<record
    xmlns:xsi="http://www.w3.org/2001/XMLSchema-instance"
    xsi:schemaLocation="http://www.loc.gov/MARC21/slim http://www.loc.gov/standards/marcxml/schema/MARC21slim.xsd"
    xmlns="http://www.loc.gov/MARC21/slim">

  <leader>01256cam a22003611  4500</leader>
  <controlfield tag="001">sa 68011040 </controlfield>
  <controlfield tag="003">DLC</controlfield>
  <controlfield tag="005">20260227112557.0</controlfield>
  <controlfield tag="008">891214s1965    ii       b   f000 0 sano </controlfield>
  <datafield tag="010" ind1=" " ind2=" ">
    <subfield code="a">sa 68011040 </subfield>
  </datafield>
  <datafield tag="025" ind1=" " ind2=" ">
    <subfield code="a">PL480:I-San-604</subfield>
  </datafield>
  <datafield tag="035" ind1=" " ind2=" ">
    <subfield code="a">(OCoLC)20784731</subfield>
  </datafield>
  <datafield tag="040" ind1=" " ind2=" ">
    <subfield code="a">DLC</subfield>
    <subfield code="c">WaU</subfield>
    <subfield code="d">DLC</subfield>
  </datafield>
  <datafield tag="042" ind1=" " ind2=" ">
    <subfield code="a">premarc</subfield>
  </datafield>
  <datafield tag="043" ind1=" " ind2=" ">
    <subfield code="a">a-ii---</subfield>
  </datafield>
  <datafield tag="050" ind1="0" ind2="0">
    <subfield code="a">PK2916</subfield>
    <subfield code="b">.M287</subfield>
  </datafield>
  <datafield tag="100" ind1="0" ind2=" ">
    <subfield code="a">Mamma&#x1E6D;&#x101;c&#x101;rya.</subfield>
  </datafield>
  <datafield tag="245" ind1="1" ind2="0">
    <subfield code="a">K&#x101;vyaprak&#x101;&#x15B;ah.</subfield>
  </datafield>
  <datafield tag="260" ind1=" " ind2=" ">
    <subfield code="a">[Benares,</subfield>
    <subfield code="b">Govt. Sanskrit Library,</subfield>
    <subfield code="c">1965]</subfield>
  </datafield>
  <datafield tag="300" ind1=" " ind2=" ">
    <subfield code="a">3 v. (2. 590 p.)</subfield>
    <subfield code="c">21-23 cm.</subfield>
  </datafield>
  <datafield tag="490" ind1="1" ind2=" ">
    <subfield code="a">Varanaseya Sanskrit Vishwavidyalaya.  Research Institute.  Sarasvat&#x12B; Bhavana grantham&#x101;l&#x101;,</subfield>
    <subfield code="v">46</subfield>
  </datafield>
  <datafield tag="500" ind1=" " ind2=" ">
    <subfield code="a">Vol. 1 has added title: The K&#x101;ya prak&#x101;&#x15B;a.</subfield>
  </datafield>
  <datafield tag="500" ind1=" " ind2=" ">
    <subfield code="a">In Sanskrit; forword in English.</subfield>
  </datafield>
  <datafield tag="504" ind1=" " ind2=" ">
    <subfield code="a">Bibliographical references included in list of abbreviations: v. 3, p. [3]-8 (2d group)</subfield>
  </datafield>
  <datafield tag="504" ind1=" " ind2=" ">
    <subfield code="a">Bibliographical footnotes.</subfield>
  </datafield>
  <datafield tag="650" ind1=" " ind2="0">
    <subfield code="a">Sanskrit poetry</subfield>
    <subfield code="x">History and criticism.</subfield>
  </datafield>
  <datafield tag="650" ind1=" " ind2="0">
    <subfield code="a">Poetics.</subfield>
  </datafield>
  <datafield tag="700" ind1="1" ind2=" ">
    <subfield code="a">Bhattacharya, Sivaprasad,</subfield>
    <subfield code="d">1889-1966.</subfield>
  </datafield>
  <datafield tag="700" ind1="0" ind2=" ">
    <subfield code="a">Ca&#x1E47;&#x1E0D;&#x12B;d&#x101;sa,</subfield>
    <subfield code="d">active 1270.</subfield>
    <subfield code="t">K&#x101;vyaprak&#x101;&#x15B;ad&#x12B;pik&#x101;.</subfield>
  </datafield>
  <datafield tag="740" ind1="0" ind2=" ">
    <subfield code="a">K&#x101;vya prak&#x101;&#x15B;a.</subfield>
  </datafield>
  <datafield tag="740" ind1="0" ind2=" ">
    <subfield code="a">K&#x101;vyaprak&#x101;&#x15B;ad&#x12B;pik&#x101;.</subfield>
  </datafield>
  <datafield tag="830" ind1=" " ind2="0">
    <subfield code="a">Sarasvat&#x12B;bhavana-grantham&#x101;l&#x101; ;</subfield>
    <subfield code="v">46</subfield>
  </datafield>
  <datafield tag="999" ind1=" " ind2=" ">
    <subfield code="c">83693</subfield>
    <subfield code="d">83693</subfield>
  </datafield>
</record>
